| Tag |
First Indicator |
Second Indicator |
Subfields |
| LEADER |
00000pam a2200000 a 4500 |
| 001 |
in00000389607 |
| 005 |
20151011110448.0 |
| 008 |
821115s1983 nyua b 00100 eng |
| 010 |
|
|
|a 82022876
|
| 020 |
|
|
|a 0070533490
|
| 035 |
|
|
|a (OCoLC)09044261
|
| 035 |
|
|
|9 ABR6329AM
|
| 039 |
0 |
|
|a 2
|b 3
|c 3
|d 3
|e 3
|
| 040 |
|
|
|a DLC
|c DLC
|d TXA
|d UtOrBLW
|
| 049 |
|
|
|a TXAM
|
| 050 |
0 |
0 |
|a HF5549.5.C67
|b H36 1984
|
| 082 |
0 |
|
|a 658.3/2
|2 19
|
| 245 |
0 |
0 |
|a Handbook of wage and salary administration /
|c Milton L. Rock, editor-in-chief.
|
| 250 |
|
|
|a 2nd ed.
|
| 264 |
|
1 |
|a New York :
|b McGraw-Hill,
|c [1984]
|
| 264 |
|
4 |
|c ©1984
|
| 300 |
|
|
|a 1 volume (various pagings) :
|b illustrations ;
|c 24 cm.
|
| 336 |
|
|
|a text
|b txt
|2 rdacontent
|
| 337 |
|
|
|a unmediated
|b n
|2 rdamedia
|
| 338 |
|
|
|a volume
|b nc
|2 rdacarrier
|
| 504 |
|
|
|a Includes bibliographies and index.
|
| 650 |
|
0 |
|a Compensation management
|x Handbooks, manuals, etc.
|
| 700 |
1 |
|
|a Rock, Milton L.
|
| 999 |
|
|
|a MARS
|
| 999 |
f |
f |
|s 22202a54-ec6f-3405-bd05-7fc8733bba26
|i d2f76910-5cf8-3891-bad1-9e2c10147215
|t 0
|
| 952 |
f |
f |
|p ric
|a Texas A&M University
|b Rellis Campus
|c Joint Library Facility
|d Remote Storage
|t 0
|e HF5549.5.C67 H36 1984
|h Library of Congress classification
|i unmediated -- volume
|m A14807665303
|
| 998 |
f |
f |
|a HF5549.5.C67 H36 1984
|t 0
|l Remote Storage
|